000 00688nam a2200193Ia 4500
005 20251020182610.0
008 200515s9999 xx 000 0 und d
082 _aSC/621.941/M61
110 _aMinisterio de Educación
245 0 _aManual de tornero mecánico I
260 _aLima
260 _c1978
300 _a111
520 _aManual Técnico del Tornero mecánico tiene como principal finalidad la de guiar metodológicamente al participante en la adquisición de las primeras experiencias prácticas y tecnológicas necesarias para el uso, manejo y mantenimiento del torno mecánico para
650 _aMANUALES
650 _aMECANICA
650 _aTORNERO
942 _cLIB
999 _c3300
_d3300